00491nam a2200121 a 450000100100000000500170001000800410002704000250006810000270009324501720012026000560029230000210034800003418120200930070838.0110926s2006 br 000 0 spa d aDO-SdBNPbspacBNPHU1 aNales Pérez, Nereida10aJesús, el maestro :bsu plan educativo transformador, para ejercer una educación cristiana que ayude al discípulo a transformar su vida /cNereida Nales Pérez. aRío Piedra :bFundación Palabra y Más,c2006. a144 p. ;c23 cm.